Bridge launching / (Record no. 1451)

000 -LEADER
fixed length control field 00380 a2200133 4500
020 ## - INTERNATIONAL STANDARD BOOK NUMBER
International Standard Book Number 0727731467
082 ## - DEWEY DECIMAL CLASSIFICATION NUMBER
Classification number 624.3 ROS
082 04 - DEWEY DECIMAL CLASSIFICATION NUMBER
Classification number 624.3
Author Mark ROS
100 ## - MAIN ENTRY--PERSONAL NAME
Personal name Rosignoli, Marco.
245 ## - TITLE STATEMENT
Title Bridge launching /
Statement of responsibility, etc. Marco Rosignoli.
260 ## - PUBLICATION, DISTRIBUTION, ETC.
Place of publication, distribution, etc. London :
Name of publisher, distributor, etc. Thomas Telford,
Date of publication, distribution, etc. 2002.
300 ## - PHYSICAL DESCRIPTION
Extent xvi, 342 p. :
Other physical details ill. ;
Dimensions 25 cm.
650 ## - SUBJECT ADDED ENTRY--TOPICAL TERM
Topical term or geographic name entry element Bridges
General subdivision Design and construction.
650 ## - SUBJECT ADDED ENTRY--TOPICAL TERM
Topical term or geographic name entry element Prestressed construction.
Holdings
Withdrawn status Lost status Damaged status Not for loan Permanent Location Current Location Shelving location Date acquired Total Checkouts Full call number Barcode Date last seen Price effective from Koha item type
        School of Civil and Environmental Engineering (SCEE) School of Civil and Environmental Engineering (SCEE)       624.3 ROS NIT-5427 01/05/2017 01/05/2017 Book
        School of Civil and Environmental Engineering (SCEE) School of Civil and Environmental Engineering (SCEE)         NIT-818 01/05/2017 01/05/2017 Book
© 2023 Central Library, National University of Sciences and Technology. All Rights Reserved.